Normal view
MARC view
- Herrera, José Israel
Entry Nombre Personal
001 - NUMERO DE CONTROL
- campo de control: 58168
003 - IDENTIFICADOR DE NUMERO DE CONTROL
- campo de control: UPN
005 - FECHA Y HORA DE LA ÜLTIMA TRANSACCIÓN
- campo de control: 20251014124825.0
008 - DATOS DE LONGITUD FIJA
- campo de control de longitud fija: 251014|| ac|||aabn | a|a d
024 ## - OTROS IDENTIFICADORES NORMALIZADOS
- Fuente: orcid
- Número normalizado o código: https://orcid.org/0000-0001-6961-8958
040 ## - FUENTE DE CATALOGACIÓN
- Agencia original de catalogación: MX-MxUPN
100 1# - ENCABEZAMIENTO - NOMBRE PERSONAL
- Nombre personal: Herrera, José Israel
370 ## - LUGAR ASOCIADO
- Place of birth: Campeche, México
371 ## - DIRECCIÓN
- Electronic mail address: jiherrer@uacam.mx
372 ## - CAMPO DE ACTIVIDAD
- Field of activity: Pluralismo jurídico, la antropología jurídica, la diferencia cultural, la defensa cultural, los derechos indígenas, los derechos humanos, el peritaje antropológico, políticas mexicanas para el indígena y los procesos de alteridad e interlegalidad.
- Field of activity: Docencia e investigación
373 ## - GRUPO ASOCIADO
- Associated group: Universidad Autónoma de Campeche. Centro de Investigaciones Jurídicas
374 ## - OCUPACIÓN
- Occupation: Doctor en Antropología
- Occupation: Profesor e investigador universitario
670 ## - FUENTE EN LA QUE SE LOCALIZARON DATOS
- Cita de la fuente: En recurso en línea: Estudios sobre las culturas contemporáneas : revista de investigación y análisis, Vol. 2, no. 4, (2025):
- Información localizada: página 1 (José Israel Herrera)
- Uniform Resource Identifier: https://revistasacademicas.ucol.mx/index.php/culturascontemporaneas/article/view/2349/2493
902 ## - CATALOGADOR
- Catalogador: RGJD/141025
